000 00422nmm a2200145Ia 4500
008 251105s9999||||xx |||||||||||||||||und||
041 _aspa
100 _aMartinez Lainez, Fernando
245 0 _aEl naúfrago de la gran armada
264 _a[Madrid, España] :
_bEdiciones B,
_c2015
300 _a552 páginas
650 _aHistorical fiction
856 _uhttps://public.digitaliapublishing.com/a/54191
942 _cCF
999 _c105504
_d105504